Movies Quiz

Random Movies Quiz
Score 0/5 Timer 00:45
0 Plays Today
Question Answer Wrong Answers
Frodo of the Shire was: A hobbit
100%
A young man
0%
An elf
0%
A dwarf
0%
The creature Gandalf fought in Moria was: A balrog
100%
A troll
0%
A Nazgûl
0%
Saruman
0%
What did Gimli carry? An axe
97%
A horn
3%
A bow
0%
A sword
0%
Where did Sam Gamgee live? Bagshot Row
84.8%
Crickhollow
12.1%
Lothlórien
3%
Bywater
0%
The Siege of Gondor was broken by: The arrival of Théoden
78.8%
The ents
9.1%
The arrival of dwarfs
3%
A host of orcs
6.1%
Remove Ads.
Support Sporcle.
Get the best of Sporcle when you Go Orange. This ad-free experience offers more features, more stats, and more fun while also helping to support Sporcle. Thank you for becoming a member.

You're not logged in!

Compare scores with friends on all Sporcle quizzes.
OR
Log In

Sporcle TV

Today on Sporcle TV


Watch our educational content, quiz creation guides, and fun videos on Sporcle TV.

Show Comments

Extras

Created May 14, 2020ReportNominate
Tags:lord, Ring

Top Quizzes Today


Score Distribution

Paid Content

Your Account Isn't Verified!

In order to create a playlist on Sporcle, you need to verify the email address you used during registration. Go to your Sporcle Settings to finish the process.

Report this User

Report this user for behavior that violates our Community Guidelines.

Details: